LEADER 03741nam 2201021z- 450 001 9910595078603321 005 20231214133154.0 035 $a(CKB)5680000000080739 035 $a(oapen)https://directory.doabooks.org/handle/20.500.12854/92130 035 $a(EXLCZ)995680000000080739 100 $a20202209d2022 |y 0 101 0 $aeng 135 $aurmn|---annan 181 $ctxt$2rdacontent 182 $cc$2rdamedia 183 $acr$2rdacarrier 200 10$aGenetics and Genomics of Pulmonary Arterial Hypertension 210 $aBasel$cMDPI Books$d2022 215 $a1 electronic resource (188 p.) 311 $a3-0365-4829-7 311 $a3-0365-4830-0 330 $aPulmonary arterial hypertension is a severe and progressive disorder affecting the blood vessels in the lungs. Typically, symptoms first appear at around 30?40 years of age and, without treatment, can lead to fatal heart disease within a few years. Genetic studies over the past decade have identified numerous genes that contribute to disease progression but, for many sufferers, the underlying genetic cause remains elusive. The collection of reviews and original research articles contained within this book provide an overview of recent advancements in understanding the genetic risk factors for pulmonary arterial hypertension. We further examine the emerging interplay between genetic variants and clinical outcomes, providing a framework for new treatments and improved patient care. 606 $aResearch & information: general$2bicssc 606 $aBiology, life sciences$2bicssc 606 $aGenetics (non-medical)$2bicssc 610 $apulmonary arterial hypertension 610 $amassive parallel sequencing 610 $aNGS 610 $adigenic inheritance 610 $aand genetics 610 $aBMPR2 promoter 610 $apathogenic variant 610 $aheritable pulmonary arterial hypertension 610 $agenetic analysis 610 $aNGS gene panel 610 $aBMPR2 610 $aTBX4 610 $aGDF2 610 $aEIF2AK4 610 $agenomics 610 $apediatrics 610 $alung disease 610 $aendothelial cells 610 $asmooth muscle cells 610 $aDNA damage 610 $aDNA repair 610 $aexpression quantitative trait locus 610 $aeQTL 610 $ablood 610 $agenetics 610 $aexome sequencing 610 $amolecular genetics 610 $apaediatrics 610 $abone morphogenetic protein receptor type 2 610 $aheritable 610 $afamilial 610 $aestrogen 610 $aestradiol 610 $apenetrance 610 $agender 610 $aPAH 610 $aforward phenotyping 610 $aforward genetics 610 $areverse genetics 610 $areverse phenotyping 610 $aintermediate phenotypes 610 $awhole-genome sequencing 610 $aepigenetic inheritance 610 $agenetic heterogeneity 610 $aphenotypic heterogeneity 610 $apulmonary hypertension 610 $abone morphogenetic protein receptor 2 610 $asignaling 610 $arepurposed drugs 610 $apharmaceuticals 610 $amiRNA 610 $aclinical trials 615 7$aResearch & information: general 615 7$aBiology, life sciences 615 7$aGenetics (non-medical) 700 $aSouthgate$b Laura$4edt$0989850 702 $aMachado$b Rajiv$4edt 702 $aSouthgate$b Laura$4oth 702 $aMachado$b Rajiv$4oth 906 $aBOOK 912 $a9910595078603321 996 $aGenetics and Genomics of Pulmonary Arterial Hypertension$93033981 997 $aUNINA LEADER 02682oas 2200829 a 450 001 9910143995003321 005 20260218113048.0 011 $a1996-9465 035 $a(OCoLC)270797230 035 $a(CONSER) 2008254657 035 $a(CKB)1000000000375842 035 $a(DE-599)ZDB2435281-0 035 $a(MiAaPQ)105731 035 $a(DE-599)2435281-0 035 $a(EXLCZ)991000000000375842 100 $a20081110a20089999 uy a 101 0 $aeng 135 $aur||||||||||| 181 $ctxt$2rdacontent 182 $cc$2rdamedia 183 $acr$2rdacarrier 200 10$aDrinking water engineering and science 210 $a[Katlenburg-Lindau, Germany] $cCopernicus$d2008- 300 $aRefereed/Peer-reviewed 311 08$a1996-9457 330 $a"Drinking Water Engineering and Science aims to be the leading scientific open access journal for the publication of original research in drinking water treatment. The focus is on fundamental and applied research in water sources, substances, drinking water treatment processes, distribution systems and residual management." 517 1 $aDWES 606 $aDrinking water$xPurification$vPeriodicals 606 $aDrinking water$vPeriodicals 606 $aWater-supply engineering$vPeriodicals 606 $aWater$xPurification$vPeriodicals 606 $aWater Treatment$2ebps 606 $aWater Quality$2ebps 606 $aDrinking water$2fast$3(OCoLC)fst00898247 606 $aDrinking water$xPurification$2fast$3(OCoLC)fst00898284 606 $aWater$xPurification$2fast$3(OCoLC)fst01171363 606 $aWater-supply engineering$2fast$3(OCoLC)fst01172443 606 $aEau potable$xE?puration$vPe?riodiques 608 $aPeriodicals.$2fast 615 0$aDrinking water$xPurification 615 0$aDrinking water 615 0$aWater-supply engineering 615 0$aWater$xPurification 615 7$aWater Treatment. 615 7$aWater Quality. 615 7$aDrinking water. 615 7$aDrinking water$xPurification. 615 7$aWater$xPurification. 615 7$aWater-supply engineering. 615 6$aEau potable$xE?puration 712 02$aEuropean Geosciences Union 801 0$bCUV 801 1$bCUV 801 2$bCUV 801 2$bDLC 801 2$bOCLCQ 801 2$bOCLCF 801 2$bOCLCQ 801 2$bWT2 801 2$bOCLCQ 801 2$bAU@ 801 2$bOCLCQ 801 2$bDLC 801 2$bLDP 801 2$bOCLCQ 801 2$bOCLCL 801 2$bUEJ 801 2$bADU 906 $aJOURNAL 912 $a9910143995003321 996 $aDrinking water engineering and science$91921436 997 $aUNINA